KOHA-Header-6

Military INC (Record no. 6250)

000 -LEADER
fixed length control field 00235nam a2200109Ia 4500
020 ## - INTERNATIONAL STANDARD BOOK NUMBER
ISBN 978-0-19-547596-8
100 ## - MAIN ENTRY--AUTHOR NAME
Personal name Ayesha Siddiqa
245 #0 - TITLE STATEMENT
Title Military INC
260 ## - PUBLICATION, DISTRIBUTION, ETC. (IMPRINT)
Place of publication Canada
Name of publisher Tata McGraw Hill
Year of publication 2008
300 ## - PHYSICAL DESCRIPTION
Number of Pages 292
942 ## - ADDED ENTRY ELEMENTS (KOHA)
Koha item type Books
Holdings
Withdrawn status Lost status Collection code Permanent Location Current Location Shelving location Date acquired Full call number Accession Number Koha item type
    English Literature MAJU MAJU Shelf No.A14 2019-09-07 954.91 5580 English Literature

Powered by Koha